000 00769nam a2200229 a 4500
001 BRCA_276
005 20190320202937.0
008 251108s1991----mx-a---###---#000-0#spa-#
020 _a96871930609
050 4 _aF1219.3.A7
_b.S65 1991
100 1 _aSolís Olguín, Felipe R.
_9921
245 1 0 _aGloria y fama mexica
_cFelipe Solís ; editor Mario de la Torre.
260 _aMéxico
_bMuseo Franz Mayer : Smurfit Cartón y Papel de México : Galería Arvil
_c1991
300 _a181 p.
_bil., fotografías
_c32 cm.
504 _aBibliografía: p. 180-181
546 _aTexto en español e inglés
650 1 4 _aAztecas
_xArte
_9922
650 1 4 _aArte prehispánico
_9923
650 1 4 _aAztecas
_xVida cotidiana
_9924
700 1 _aTorre, Mario de la
_9925
942 _2lcc
_cB
999 _c221
_d221